000 00461nam a22001577a 4500
003 NUST
038 _a.
082 _a200 THE
100 _aMadiha Tahir
_970038
245 _aTH-SOF-1207-Online Signature Verification using Segmented Local and Hybrid Features
260 _aIslamabad
_bNUST College of EME
_c2016.
563 _a.
650 _aMS-COMPUTER ENGINEERING-77
_985082
700 _aSupervisor Dr. Muhammad Usman Akram
_985083
942 _cTHE
_2ddc
999 _c577096
_d577096